000 00307nam a22001337a 4500
008 170613b xxu||||| |||| 00| 0 eng d
020 _a9780176034290
041 _aeng
080 _a94
100 _a19
101 _aSHP
245 _aQUEBEC BEYOND THE QUET REVOLUTION
_cMONTCALM.G
942 _2udc
_cBK
999 _c17195
_d17195